ბათუმის შოთა რუსთაველის სახელმწიფო უნივერსიტეტის ბიბლიოთეკა

ბუღალტრული აღრიცხვა, №9.(213) 2014. სექტემბერი (ბიბ.ჩანაწერი № 45286)

000 -LEADER
fixed length control field 00811nam a2200193Ia 4500
001 - CONTROL NUMBER
control field 12110
003 - CONTROL NUMBER IDENTIFIER
control field GE_BSU
008 - FIXED-LENGTH DATA ELEMENTS--GENERAL INFORMATION
fixed length control field 181216s||||||||xx |||||||||||||| ||und||
040 ## - CATALOGING SOURCE
Transcribing agency GE_BSU
245 ## - TITLE STATEMENT
Title ბუღალტრული აღრიცხვა, №9.(213) 2014. სექტემბერი
245 ## - TITLE STATEMENT
Remainder of title ყოველთვიური სამეცნიერო-პრაქტიკული ჟურნალი.
245 ## - TITLE STATEMENT
Statement of responsibility, etc. მთ.რედ.ლავრენტი ჭუმბურიძე, გამ.რედ.მანანა გველესიანი.
260 ## - PUBLICATION, DISTRIBUTION, ETC.
Place of publication, distribution, etc. თბილისი
260 ## - PUBLICATION, DISTRIBUTION, ETC.
Date of publication, distribution, etc. 2014
300 ## - PHYSICAL DESCRIPTION
Extent 64გვ.29სმ.
653 ## - INDEX TERM--UNCONTROLLED
Uncontrolled term ბუღალტრული აღრიცხვა
653 ## - INDEX TERM--UNCONTROLLED
Uncontrolled term პერიოდიკა
942 ## - ADDED ENTRY ELEMENTS (KOHA)
Koha item type პერიოდიკა
ეგზემპლარები
Withdrawn status Lost status Damaged status Not for loan Date acquired Barcode Date last seen Price effective from Koha item type
        2018-12-17 P76518 2018-12-17 2018-12-17 პერიოდიკა